| 000 | 01035nam a22001817a 4500 | ||
|---|---|---|---|
| 003 | IT-RoPau | ||
| 005 | 20220918175937.0 | ||
| 008 | 130108b xxu||||| |||| 00| 0 eng d | ||
| 040 | _cIT-RoPau | ||
| 100 |
_aAlberione [ James] Giacomo _qFondatore Famiglia Paolina _9121 |
||
| 245 |
_aInsights into Religious Life. _bBy Rev. James Alberione, SSP, STD |
||
| 250 | _aI | ||
| 260 |
_aBoston _bFSP _c1977 |
||
| 300 |
_a152 p. _c18,5 cm |
||
| 490 |
_aSt. Paul Edition _vI |
||
| 520 | _a CONTENTS A Lively, Costant and Predominant Desire Advancing in the Spiritual Life The Real Holocaust Jesus, Model of Obedience Good Communiting Living A Lifetime of Service A Lifetime of Fidelity Live in Joy Let Us Work for Heaven! The Holy Spirit Gives Us Spirit Contemplating Jesus and Mary in the Rosary The Joyful Mysteries and Religious Life The Sorrowful Mysteries and Religious Life The Glorious Mysteries and Religious Life Mary Mother of Beautiful Vocations | ||
| 942 |
_2ddc _cBK |
||
| 999 |
_c37720 _d37720 |
||